000 01081nam a22003377a 4500
001 BR7314431
003 BR-BrBNA
005 20230928084309.0
007 ta
008 230509b bl.||||| |||| 00| 0 por d
040 _aBR-BrBNA
_bpor
_cBiblioteca Nacional de Agricultura
041 _a(Por)
072 _aE30; E50
_b0230
_b/G514
090 _ 0230 BR7314431
100 1 _aAzevedo, C.A.
100 1 _aCaldas, R.
100 1 _aChacon, V.
110 1 _aGrupo Especial para Racionalizacao da Agroindustria Canavieira do Nordeste, Recife, PE (Brasil)
_95458
245 1 _aSituacao socio-economica em areas da zona canavieira de Pernambuco e Alagoas [Brasil; Desenvolvimento economico]
260 3 _aRecife, PE (Brasil):
_c1972.
300 _a216 p.
500 _a6 Maps scale (1:500,000 to 1:100,000); 36 ref.; 48 tables
650 _aDESENVOLVIMENTO ECONOMICO
650 _aCANA DE ACUCAR
650 _aDESENVOLVIMENTO SOCIAL
650 _aZONA CANAVIEIRA
650 _aPERNAMBUCO
650 _aALAGOAS
909 _a202309
_bLucia
_c55
_dLucia Elande
942 _cBK
999 _c17997
_d17997